| 000 | 00696nam a22002417a 4500 | ||
|---|---|---|---|
| 001 | 3613 | ||
| 003 | FISKH | ||
| 005 | 20240326092916.0 | ||
| 008 | 240326b cb ||||| |||| 00| 0 eng d | ||
| 040 |
_aFISK _beng _cFISK _dFISK |
||
| 050 | _aPZ7.L97914 | ||
| 082 | _a662 | ||
| 100 |
_aLupica Mike _d1952- |
||
| 245 |
_aMiracle on 49th street / _cMike Lupica |
||
| 260 |
_aNew York : _bScholastic, _c2007 |
||
| 300 |
_a246 pages : _c20 cm |
||
| 505 | _aM | ||
| 520 | _aAfter her mother's death, twelve-year-old Molly learns that her father is a basketball star for the Boston Celtics. | ||
| 521 | 8 |
_a790 _bLexile |
|
| 700 | _aMike Lupica | ||
| 942 |
_2ddc _cBK _n0 |
||
| 999 |
_c3613 _d3613 |
||